Advanced engineering mathematics (Record no. 2354)

000 -LEADER
fixed length control field 00457nam a22001937a 4500
001 - CONTROL NUMBER
control field 2354
003 - CONTROL NUMBER IDENTIFIER
control field BD-DhUET
008 - FIXED-LENGTH DATA ELEMENTS--GENERAL INFORMATION
fixed length control field 140922b xxu||||| |||| 00| 0 eng d
020 ## - INTERNATIONAL STANDARD BOOK NUMBER
International Standard Book Number 8121903459
040 ## - CATALOGING SOURCE
Transcribing agency 0
Modifying agency BD-DhUET
082 ## - DEWEY DECIMAL CLASSIFICATION NUMBER
Classification number 510
Item number DAS/2007
100 ## - MAIN ENTRY--PERSONAL NAME
Personal name Dass, H.K.
245 ## - TITLE STATEMENT
Title Advanced engineering mathematics
250 ## - EDITION STATEMENT
Edition statement 17th Rev. ed.
260 ## - PUBLICATION, DISTRIBUTION, ETC. (IMPRINT)
Place of publication, distribution, etc. Ram Nagar
Name of publisher, distributor, etc. S. Chand.
Date of publication, distribution, etc. 2007
300 ## - PHYSICAL DESCRIPTION
Extent xvi,1274p.
650 #0 - SUBJECT ADDED ENTRY--TOPICAL TERM
Topical term or geographic name as entry element Mathematics
942 ## - ADDED ENTRY ELEMENTS (KOHA)
Koha item type General Book
Holdings
Piece designation (barcode) Sublocation or collection (holding branch) Not for loan Shelving location Date acquired Koha item type Source of classification or shelving scheme Koha normalized classification for sorting Price effective from Lost status Damaged status Koha date last seen Location (home branch) Koha full call number Copy number Koha out on loan Koha date last borrowed Koha issues (times borrowed) Withdrawn status
103924Central Library, BUET Circulation section2014-09-22General Book 510DAS20072014-09-22  2023-05-06Central Library, BUET510/DAS/20071 2022-11-233 
103925Central Library, BUET Circulation section2014-09-22General Book 510DAS20072014-09-22  2026-01-13Central Library, BUET510/DAS/200722026-01-272026-01-136 
103927Central Library, BUET Circulation section2014-09-22General Book 510DAS20072014-09-22  2025-02-10Central Library, BUET510/DAS/20073 2024-12-014 
103928Central Library, BUET Circulation section2014-09-22General Book 510DAS20072014-09-22  2023-06-05Central Library, BUET510/DAS/20074 2023-03-223 
103929Central Library, BUET Circulation section2014-09-22General Book 510DAS20072014-09-22  2016-02-24Central Library, BUET510/DAS/20075 2014-11-121 
103931Central Library, BUET Circulation section2014-09-22General Book 510DAS20072014-09-22  2023-02-28Central Library, BUET510/DAS/20077 2023-01-112 
103930Central Library, BUET Circulation section2014-09-22General Book 510DAS20072014-09-22  2026-04-15Central Library, BUET510/DAS/200762026-04-292026-04-153 
103922Central Library, BUET Circulation section2015-01-26General Book 510_000000000000000_DAS_20072015-01-26  2019-03-31Central Library, BUET510/DAS/20078 2019-01-202 
103923Central Library, BUET Circulation section2015-09-01General Book 510DAS_2007_0000000000000002015-09-01  2025-04-07Central Library, BUET510DAS/20079 2025-03-022 
103926Central Library, BUET Circulation section2007-05-28General Book 510_000000000000000_DAS_20072017-05-29  2024-11-24Central Library, BUET510/DAS/2007102024-12-082024-11-2411